Todas as Músicas do Teto - Statistics

Estatísticas Gerais
  • Esse quiz foi jogado 179 vezes
  • A pontuação média é 12 de 19
Estatísticas das Respostas
Album Música % Correto
Single (Ft. Matuê) M4
95%
Mateca x Teto Balazul
87%
Single (Ft. Matuê e Doode) Groupies
86%
Single (Ft. Matuê e WIU) Vampiro
84%
previas.zip Dia Azul
80%
previas.zip Paypal
77%
previas.zip Manha
75%
Single Fim de Semana no Rio
73%
Single Mustang Preto
72%
Single (Ft. Filipe Ret, Caio Luccas, Bin, Budah, Borges, Marina Sena, e Luiz Lins) Poesia Acústica 12 - Pra Sempre
67%
previas.zip Fashion
64%
Single (Ft. Reid, Doode, Ear Kid, Stef e Fabin) Drip da Roça
56%
Single (Ft. Marcos Baroni, WIU, Edi Rock, Alee e Brandão) Melhor Dia 7 - Sossego
52%
Mateca x Teto Tava Bom
50%
Single (Ft. Burn-o e Doode) Saturno
46%
Single (Ft. Mizzy Miles, Deejay Telio e Gson) EUROPA
35%
Single A Lua
33%
Single (Ft. Kawan) Rara
16%
Single (Ft. Kawan e Dascar) Ixle
13%
Nenhum quiz correspondente encontrado
Distribuição das Pontuações
Porcentagem de Pessoas com Cada Pontuação
Percentil de Números Respondidos
Sua Pontuação Histórica
Você não jogou esse quiz